| 000 | 00699cam a22001934a 4500 | ||
|---|---|---|---|
| 005 | 20250605164015.0 | ||
| 008 | 250528s ||||||||||||||||||||||||d | ||
| 035 | _a16145 | ||
| 020 | _a415209579 | ||
| 040 |
_aGR-AtMCL _bgre _dGR-AtMCL _eAACR2 |
||
| 245 | 1 | _aΑ Source Book of Gestalt Psychology | |
| 260 |
_bRouledge, _c2005 |
||
| 300 | _a408 | ||
| 520 | _aPreface, Introduction, General Problems, Special Problems, Perception and Organization, Perception and Movement, Perception and Related Phenomena, Animal Experiments, Thought, Physical Forces, Studies in Pathological Phenomena, Replies, Index. | ||
| 700 | 1 |
_aDellis Willis _92185 |
|
| 942 | _cBK | ||
| 999 |
_c1681 _d1681 |
||